Culture Générale - Série 1047 - Statistiques

Statistiques générales
  • Ce quiz a été pris 106 fois
  • Le résultat moyen est 5 sur 10
Statistiques - réponses
Question Réponse % Correct
Quelle préparation à base d'olives, de câpres et d'anchois écrasés, additionnée d'huile d'olive, tire son nom du provençal "tapeno" ? tapenade
97%
Dans quelle partie de la Grande-Bretagne se trouve les îles Shetland ? Écosse
73%
Quel chanteur français a sorti son 25e album studio intitulé "Être une femme (2010)" ? Michel Sardou
51%
La plante ornementale appelée lunaire est plus connue sous le nom de : "monnaie-du-... pape
51%
En 1869, quel écrivain publie “L'Éducation sentimentale” ? Gustave Flaubert
50%
Quelle chanson, popularisée par Dalida, Jean Dujardin interprète-t-il dans le film "OSS 117 : Le Caire, nid d'espion" ? Bambino
48%
Quel personnage de rappeur, créé par Michaël Youn, est le héros d'un film sorti en juin 2010 ? Fatal Bazooka
48%
Quel chanteur français est l'interprète du titre : "This Melody", en 1975 ? Julien Clerc
35%
Selon une phrase célèbre de Salvador Dali, quel lieu est le "centre du monde" ? La gare de ... Perpignan
35%
Quelle chanteuse interprète les tubes : "Crazy for You" et "Lucky Star", dans les années 1980 ? Madonna
20%
Aucun quiz correspondant
Distribution des résultats
% des personnes avec chaque résultat
Percentile par nombre de réponses
Votre historique - résultats
Vous n’avez pas pris ce quiz